000
00293nam a22001337a 4500
008
180105b xxu||||| |||| 00| 0 eng d
020
_a
0716632381
041
_a
eng
080
_a
371
100
_a
46
101
_a
EDU
245
_a
World Book of World Power
_c
Grygel, J.A
942
_2
udc
_c
BK
999
_c
39806
_d
39806